| 000 | 00581nam a22001817a 4500 | ||
|---|---|---|---|
| 003 | OSt | ||
| 005 | 20140310182155.0 | ||
| 008 | 130830t xxu||||| |||| 00| 0 eng d | ||
| 020 | _a0133766586 | ||
| 050 |
_aTK 7870 _b.V718 1974 |
||
| 082 |
_aHS 621.381 20 _bV712 1996 |
||
| 245 |
_aElectronic techniques : _bshop practices and construction / _cRobert S. Villanucci, Alexander W. Avtgis, William F. Megow |
||
| 260 |
_aEnglewood Cliffs , N.J : _bPrentice Hall, _c1996. |
||
| 300 |
_axxvi, 550 p. : _bill. ; _c28 cm. |
||
| 541 | _j1 | ||
| 562 | _e1 | ||
| 942 |
_2lcc _cHS _kHS |
||
| 999 |
_c10077 _d10077 |
||